| 000 | 00750nam a22002057a 4500 | ||
|---|---|---|---|
| 999 |
_c9686 _d9686 |
||
| 003 | AR-CdUCM | ||
| 008 | 190328b ||||| |||| 00| 0 spa d | ||
| 040 |
_aMUNICIPALIDAD PROVINCIAL DEL CUSCO _cBIBLIOTECA MUNICIPAL DEL CUSCO |
||
| 082 |
_a869.56 / _bC21 |
||
| 100 |
_aCalle, Belisario _926053 |
||
| 245 |
_aMaría Nieves y Bustamante : _bLla novela, Arequipa, el mestizaje, Castilla y Vivanco / |
||
| 260 |
_aArequÍpa : _bLa Colmena, _c1949. |
||
| 300 |
_a26 paginas ; _c22 cm. |
||
| 500 | _aDonación familia Nieto. | ||
| 505 | _aContenido :María Nieves y Bustamante -- La novela -- Arequipa -- El mestizaje -- Castilla y Vivanco ... | ||
| 650 |
_aLiteratura peruana _9169 |
||
| 650 |
_aNovelas _9218 |
||
| 942 |
_2ddc _cLIBROS |
||
| 945 | _arum | ||